Star Trek: Galaxy-Klasse - Statistiken

Allgemein
  • Dieses Quiz wurde 64 mal gespielt
  • Das Durchschnittsergebnis liegt bei 2 aus 8
Antwortstatistiken
Hint Antwort % Korrekt
NCC-1701-D Enterprise
98%
NCC-71807 Yamato
33%
NCC-70637 Galaxy
23%
NCC-71832 Odyssey
13%
NCC-71099 Challenger
7%
NCC-71854 Venture
3%
Magellan
2%
NCC-17744 Syracuse
0%
Keine übereinstimmenden Quizze gefunden
Verteilung der Resultate
Anzahl Personen mit jedem Resultat
Perzentil nach korrekt beantworteten Fragen
Ihre Resultats-Entwicklung
Sie haben dieses Quiz noch nicht gespielt